111 Città degli USA - Statistics

Statistiche generali
  • Questo quiz è stato fatto 29 volte
  • Il punteggio medio è 36 su 111
Statistiche sulle risposte
Descrizione Città % Corretto
Capitale degli Stati Uniti d'America Washington
84%
Città più popolosa dell'Illinois Chicago
80%
Città più popolosa del Nevada Las Vegas
80%
Città più popolosa della California Los Angeles
80%
Terza città più popolosa del Texas Dallas
76%
Seconda città più popolosa della Florida Miami
76%
Quarta città più popolosa della California San Francisco
76%
Capitale dello Stato del Massachusetts Boston
72%
Città più popolosa del Texas Houston
72%
Capitale dello Stato del Texas Austin
68%
Capitale dello Stato del Colorado Denver
64%
Città più popolosa dello Stato di Washington Seattle
64%
Capitale dello Stato di New York Albany
60%
Seconda città più popolosa del Texas San Antonio
60%
Capitale dello Stato della Georgia Atlanta
56%
Città più popolosa del Michigan Detroit
56%
Capitale dello Stato della California Sacramento
56%
Seconda città più popolosa della California San Diego
56%
Città più popolosa della Pennsylvania Filadelfia
52%
Capitale dello Stato dell'Indiana Indianapolis
52%
Città più popolosa della Louisiana New Orleans
52%
Capitale dello Stato dello Utah Salt Lake City
52%
Città più popolosa del New Mexico Albuquerque
48%
Città più popolosa dell'Alaska Anchorage
48%
Città più popolosa del Minnesota Minneapolis
48%
Capitale dello Stato dell'Arizona Phoenix
48%
Città più popolosa del Maryland Baltimora
44%
Seconda città più popolosa dell'Ohio Cleveland
44%
Capitale dello Stato delle Hawaii Honolulu
44%
Capitale dello Stato del Mississippi Jackson
44%
Seconda città più popolosa del Tennessee Memphis
44%
Capitale dello Stato del Tennessee Nashville
44%
Capitale dello Stato dell'Idaho Boise
40%
Capitale dello Stato del Nevada Carson City
40%
Capitale dello Stato dell'Ohio Columbus
40%
Capitale dello Stato del Montana Helena
40%
Capitale dello Stato dell'Alaska Juneau
40%
Città più popolosa del Missouri Kansas city
40%
Capitale dello Stato dell'Oklahoma Oklahoma City
40%
Città più popolosa dell'Oregon Portland
40%
Capitale dello Stato del New Mexico Santa Fe
40%
Capitale dello Stato del Maryland Annapolis
36%
Città più popolosa della Florida Jacksonville
36%
Capitale dello Stato della Virginia Richmond
36%
Capitale dello Stato dell'Illinois Springfield
36%
Capitale dello Stato della Florida Tallahassee
36%
Capitale dello Stato del New Jersey Trenton
36%
Seconda città più popolosa dell'Arizona Tucson
36%
Capitale dello Stato del Maine Augusta
32%
Capitale dello Stato della Louisiana Baton Rouge
32%
Capitale dello Stato del North Dakota Bismarck
32%
Città più popolosa della North Carolina Charlotte
32%
Capitale dello Stato dell'Iowa Des Moines
32%
Città più popolosa del Wisconsin Millwaukee
32%
Capitale dello Stato dell'Alabama Montgomery
32%
Città più popolosa dello Stato di New York New York City
32%
Seconda città più popolosa dell'Alabama Birmingham
28%
Capitale dello Stato del West Virginia Charleston
28%
Sesta città più popolosa del Texas El Paso
28%
Quarta città più popolosa del Texas Fort Worth
28%
Capitale dello Stato del South Dakota Pierre
28%
Capitale dello Stato del Rhode Island Providence
28%
Capitale dello Stato della North Carolina Raleigh
28%
Terza città più popolosa della California San Jose
28%
Capitale dello Stato del Wyoming Cheyenne
24%
Capitale dello Stato della South Carolina Columbia
24%
Capitale dello Stato del Kentucky Frankfort
24%
Capitale dello Stato del Connecticut Hartford
24%
Capitale dello Stato del Missouri Jefferson City
24%
Capitale dello Stato del Nebraska Lincoln
24%
Capitale dello Stato del New Hampshire Concord
20%
Capitale dello Stato del Delaware Dover
20%
Capitale dello Stato del Michigan Lansing
20%
Capitale dello Stato dell'Arkansas Little Rock
20%
Capitale dello Stato del Wisconsin Madison
20%
Capitale dello Stato di Washington Olympia
20%
Città più popolosa del Nebraska Omaha
20%
Capitale dello Stato dell'Oregon Salem
20%
Capitale dello Stato del Kansas Topeka
20%
Città più popolosa del Montana Billings
16%
Quinta città più popolosa della California Fresno
16%
Capitale dello Stato della Pennsylvania Harrisburg
16%
Città più popolosa del Kentucky Louisville
16%
Capitale dello Stato del Vermont Montpelier
16%
Città più popolosa del New Jersey Newark
16%
Capitale dello Stato del Minnesota Saint Paul
16%
Città più popolosa del Kansas Wichita
16%
Seconda città più popolosa del Colorado Colorado Springs
12%
Città più popolosa del North Dakota Fargo
12%
Seconda città più popolosa dell'Indiana Fort Wayne
12%
Città più popolosa del South Dakota Sioux Falls
12%
Seconda città più popolosa dell'Oklahoma Tulsa
12%
Città più popolosa della Virginia Virginia Beach
12%
Settima città più popolosa del Texas Arlington
8%
Seconda città più popolosa delle Hawaii Hilo
8%
Settima città più popolosa della California Long Beach
8%
Ottava città più popolosa della California Oakland
8%
Città più popolosa del Delaware Wilmington
8%
Città più popolosa del Vermont Burlington
4%
Seconda città più popolosa del Wyoming Casper
4%
Terza città più popolosa dell'Arkansas Fort Smith
4%
Terza città più popolosa dell'Arizona Mesa
4%
Città più popolosa del Connecticut Bridgeport
0%
Seconda città più popolosa dell'Iowa Cedar Rapids
0%
Seconda città più popolosa del Mississippi Gulfport
0%
Seconda città più popolosa del West Virginia Huntington
0%
Città più popolosa del New Hampshire Manchester
0%
Seconda città più popolosa dell'Idaho Meridian
0%
Seconda città più popolosa del Rhode Island Warwick
0%
Seconda città più popolosa dello Utah West Valley City
0%
Seconda città più popolosa del Massachusetts Wolchester
0%
Nessun quiz corrispondente trovato
Distribuzione punteggi
Percentuale di utenti per punteggio
Percentile per numero di risposta
I tuoi punteggi nel tempo
Non hai fatto questo quiz